Top 15 Cities with the Highest Millionaire Density - Statistics

General Stats
  • This quiz has been taken 168 times
  • The average score is 14 of 15
Answer Stats
Millionaire density Country City % Correct
3.39% UK London
99%
29.21% Monaco Monaco
99%
4.63% USA New York
99%
2.90% Norway Oslo
99%
2.40% Republic of Ireland Dublin
98%
2.54% Italy Rome
98%
2.80% Singapore Singapore
98%
2.63% Netherlands Amsterdam
96%
2.29% Canada Toronto
96%
27.34% Switzerland Zurich
95%
3.88% Germany Frankfurt
92%
2.31% Qatar Doha
90%
17.92% Switzerland Geneva
88%
2.58% China Hong Kong
88%
2.59% Italy Florence
72%
No matching quizzes found
Score Distribution
Percent of People with Each Score
Percentile by Number Answered
Your Score History
You have not taken this quiz